| 000 | 01204nam a22003497a 4500 | ||
|---|---|---|---|
| 003 | CHAP | ||
| 005 | 20220329140907.0 | ||
| 008 | 971013s1993 r 00010 d | ||
| 010 | _a59416 | ||
| 011 | _a60388 | ||
| 035 | _a64549 | ||
| 040 | _cCHAP | ||
| 090 | _aTesis | ||
| 100 | 0 | 0 |
_aMéndez Rivera, José Santana. _976572 |
| 245 | _aFenología y etnobotánica de "Pitahaya" Hylocereus undatus (Hawort) britton et rose en Rayón, S.L.P. | ||
| 260 |
_aBermejillo, Dgo. : _bEl autor, _c1993 |
||
| 300 | _a75 h. | ||
| 502 | _aTesis (Ing. Agr. Esp. en Zonas Aridas) -- UACH. Departamento de Zonas Aridas | ||
| 590 |
_aALEPH _b10 _c20130110 _lUCH01 _h1337 |
||
| 590 |
_aBATCH-UPD _b10 _c20130110 _lUCH01 _h0552 |
||
| 590 |
_aBATCH-UPD _b10 _c20130410 _lUCH01 _h0233 |
||
| 590 |
_aBATCH-UPD _b10 _c20130914 _lUCH01 _h1126 |
||
| 590 |
_aCONVERSION _b10 _c20130109 _lUCH01 _h1332 |
||
| 650 | 1 | 4 |
_aCultivos y clima. _930392 |
| 650 | 1 | 4 |
_aEtnobotánica _xSan Luis Potosí. _938635 |
| 650 | 1 | 4 |
_aFenología. _940043 |
| 650 | 1 | 4 |
_aStenocereus undatus. _9109648 |
| 901 | _aBK | ||
| 942 | _cFOLL | ||
| 949 |
_bBC _cTES _d-140980 _eTS1 _h28727 _i64549 _si |
||
| 949 |
_bBC _cTES _d33724000077632 _eTS2 _fc.2 _h28728 _i64549 _si |
||
| 999 |
_c59416 _d59416 |
||